=LDR 00000nam 2200000 4500 =001 INLIS000000000002030 =005 20130612090411 =008 ***********************************Ind** =035 ##$$0010-061300000002030 =041 ##$$a Ind =082 ##$$a 612 =090 ##$$a 612, War j =100 ##$$a Ward,Brian R =245 ##$$a Jantung dan darah, Brian R Ward;penerjemah,Bambang Sulistyo P =260 ##$$a 1990 $b Semarang =300 ##$$a 48 hlm, ilus, 24 cm =650 ##$$a Tubuh Manusia-Jantung =700 ##$$a Sulistyo P,Bambang =850 ##$$a NBPNMAT